Science Quiz

Random Science or Letter Quiz
Score 0/77 Timer 10:00
0 Plays Today
Start Answer % Correct
TTin
96.5%
GGold
90.4%
ZZinc
88.3%
IIron
87.7%
BBoron
86.2%
NNeon
85.8%
XXenon
85.7%
CCarbon…
85.5%
RRadon
82.4%
OOxygen…
81.8%
LLead
80.8%
HHelium
80.4%
AArgon
80%
IIndium…
76.6%
SSilver…
75.7%
RRadium
61.3%
HHydrogen
60.2%
LLithium
57.6%
NNitrogen…
56.4%
FFluorine…
55.7%
CCalcium…
55%
UUranium
54.3%
TTungsten…
53.3%
NNickel
53.1%
BBarium
53%
PPotassium…
52%
BBismuth…
50.9%
MMagnesium…
50%
AAluminum…
49.9%
AArsenic
47.5%
KKrypton
46.7%
EEinsteinium
45.8%
YYttrium
45.4%
CChlorine…
44.8%
VVanadium
40.5%
GGallium
40.4%
BBeryllium…
40.3%
SSilicon
39.1%
EErbium
35.5%
Start Answer % Correct
IIridium
35.2%
PPhosphorus…
35%
SSelenium…
34.1%
PPlatinum…
33.8%
YYtterbium
33.7%
ZZirconium
33.3%
RRutherfordium
32.9%
AAmericium
32.9%
CCalifornium…
31.6%
GGermanium
31.4%
MMercury
31.1%
HHafnium…
30.8%
RRhenium…
29.5%
MMolybdenum…
27.4%
LLanthanum
24.8%
TTerbium…
22.8%
RRubidium
22.1%
NNeptunium…
21.7%
EEuropium
21.5%
MMendelevium
21.4%
NNiobium
21.1%
SStrontium
21%
FFermium
20.3%
PPraseodymium…
19.4%
GGadolinium
18.8%
LLawrencium
18.6%
DDarmstadtium
18.6%
DDubnium
18.3%
OOganesson
17.4%
DDysprosium
16.5%
TTechnetium...
16.3%
LLivermorium
16.2%
RRoentgenium
15.5%
SSeaborgium
14.8%
RRuthenium
14.4%
FFlerovium
14.4%
TTellurium
13.9%
LLutetium
13.6%
Remove Ads.
Support Sporcle.
Get the best of Sporcle when you Go Orange. This ad-free experience offers more features, more stats, and more fun while also helping to support Sporcle. Thank you for becoming a member.

You're not logged in!

Compare scores with friends on all Sporcle quizzes.
OR
Log In

Show Comments

Extras

Top Quizzes Today


Score Distribution

Your Account Isn't Verified!

In order to create a playlist on Sporcle, you need to verify the email address you used during registration. Go to your Sporcle Settings to finish the process.

Report this User

Report this user for behavior that violates our Community Guidelines.

Details: